Statistics for Municipalities of Rondonia by population

Click here to take the quiz!

General Stats

  • This quiz has been taken 3 times
  • The average score is 9 of 52

Answer Stats

PopulationFirst letterMunicipality% Correct
539,354P (State capital)Porto Velho
100%
109,523AAriquemes
50%
6269CCacaulandia
50%
85,893CCacoal
50%
27,388CCandeias do Jamari
50%
16,204CCerejeiras
50%
46,556GGuajara-Mirim
50%
10,641IItapua do Oeste
50%
51,620JJaru
50%
130,009JJi-Parana
50%
31,392NNova Mamore
50%
35,737OOuro Preto do Oeste
50%
36,881PPimenta Bueno
50%
55,407RRolim de Moura
50%
10,395TTheobroma
50%
6656VVale do Paraiso
50%
102,211VVilhena
50%
22,728AAlta Floreste d'Oeste
0%
13,255AAlto Alegre dos Parecis
0%
21,847AAlto Paraiso
0%
14,106AAlvorado d'Oeste
0%
40,356BBuritis
0%
5188CCabixi
0%
14,266CCampo Novo de Rondonia
0%
2987CCastanheiras
0%
11,472CChupinguaia
0%
15,544CColorado do Oeste
0%
7220CCorumbiara
0%
18,798CCosta Marques
0%
26,183CCujubim
0%
32,695EEspigao d'Oeste
0%
7445GGovernador Jorge Teixeira
0%
40,867MMachadinho d'Oeste
0%
9559MMinistro Andreazza
0%
10,818MMirante da Serra
0%
16,007MMonte Negro
0%
20,489NNova Brasilandia d'Oeste
0%
6895NNova Uniao
0%
8329NNovo Horizonte do Oeste
0%
6198PParecis
0%
2148PPimenteiras do Oeste
0%
18,571PPresidente Medici
0%
2776PPrimavera de Rondonia
0%
3804RRio Crespo
0%
6216SSanta Luzia d'Oeste
0%
5066SSao Felipe d'Oeste
0%
20,681SSao Francisco do Guapore
0%
23,077SSao Miguel do Guapore
0%
11,851SSeringueiras
0%
4233TTeixeiropolis
0%
11,272UUrupa
0%
11,377VVale do Anari
0%

Score Distribution

Percentile by Number Answered

Percent of People with Each Score

Your Score History

You have not taken this quiz